Statistics for F1 Podiums 2018

Click here to take the quiz!

General Stats

  • This quiz has been taken 408 times
  • The average score is 7 of 8

Answer Stats

Answer% Correct
Lewis Hamilton
100%
Sebastian Vettel
99%
Daniel Ricciardo
97%
Max Verstappen
97%
Kimi Raikkonen
96%
Valtteri Bottas
96%
Sergio Perez
85%
Kevin Magnussen
66%

Score Distribution

Percentile by Number Answered

Percent of People with Each Score

Your Score History

You have not taken this quiz